00239nam a2200097Ia 4500008004100000100001400041245004000055260002200095942000700117999001700124190216s9999||||xx |||||||||||||| ||und|| aSet J M I 0aKanakkezhuthum Ganitha Shashthravum bKerala Basha Inst cBK c38997d38997